000 00920nam a2200253Ia 4500
008 130821s1998 sp gs spa
020 _a8489763194
040 _aCo-BoUCM
_bspa
041 0 0 _aspa
092 _aCD 0098
110 _aFundación Histórica Tavera
245 0 0 _aObras clásicas sobre literatura de vino
_cCompilador, Alberto Viera.
260 _aMadrid (España)
_bLa Fundación
_c1998
300 _a1 CD-ROM
490 _aColección Clásicos Tavera.
_v4
_aSerie V. Temáticas para la historia de España
505 _a48 documentos sobre literatura del vino de varios autores.
650 0 4 _aHistoria de Europa
_926509
650 0 4 _aVino
_xHistoria
_zEspaña
_vCD-ROM
_926267
650 0 4 _aViñedos
_xHistoria
_zEspaña
_vCD-ROM
_926268
700 _aViera, Alberto
_Ecomp.
710 _aBiblioteca Nacional de España
710 _aBiblioteca Nacional de Portugal
942 _cMULTIMEDIA
_2LOCAL
_a21
_e1
999 _c30761
_d30761